000 00566nam a22001697a 4500
999 _c186207
_d186207
005 20220216155136.0
010 _aENG-131638
020 _a9789381899717
_c300.00
035 _aEN-115170
037 _bDBAD
082 _a361.3
245 _aState Level Conference on Social Development And Equity in Society/
_cEdited by R. Sakthi Prabha et.al.
260 _aChennai
_bSakthi Pathippagam
_c2016
270 _a12, Anna Street, Chitlapakkam
_bChennai
_e600064
_msakthiclassics@yahoo.in
300 _a97p.
_c29cm(pbk)
942 _2ddc
_cEN
_h361.3
_mSTA